Normal view
MARC view
- RASMI S. N
Entry Personal Name
001 - CONTROL NUMBER
- control field: 2802
003 - CONTROL NUMBER IDENTIFIER
- control field: OSt
005 - DATE AND TIME OF LATEST TRANSACTION
- control field: 20180215120530.0
008 - FIXED-LENGTH DATA ELEMENTS
- fixed length control field: 180215|| aca||aabn | a|a d
040 ## - CATALOGING SOURCE
- Original cataloging agency: OSt
- Transcribing agency: OSt
100 ## - HEADING--PERSONAL NAME
- Personal name: RASMI S. N
670 ## - SOURCE DATA FOUND
- Source citation: Work cat.: (OSt): RASMI S. N, Comparative study of infiltration rate measurement using double ring infiltrometer and rainfall simulator
